| 000 | 00516nam a2200181 i 4500 | ||
|---|---|---|---|
| 001 | 65304 | ||
| 003 | ES-MaACL | ||
| 005 | 20230906165337.0 | ||
| 007 | t| | ||
| 008 | 040112s1972 sp ||||1| cat d | ||
| 100 | 0 |
_aFreinet, Célestin. _952452 |
|
| 245 | 1 | 2 |
_aL'educació moral y civica / _cC. Freinet ; [traduccio de Miguel Adrover]. |
| 250 | _a[1ª ed.]. | ||
| 260 |
_a[Barcelona] : _bLaia, _c[1972] |
||
| 300 |
_a82 p. ; _c17 cm. |
||
| 700 | 0 |
_aAdrover, Miquel. _918486 |
|
| 852 |
_aES-MaACL _jC-44356 _bR.82017 |
||
| 999 |
_c65304 _d65304 |
||